Sleep Token - Euclid (All Lyrics) - Statistics

General Stats
  • This quiz has been taken 46 times
  • The average score is 327 of 407
Answer Stats
Lyrics % Correct
I
100%
(I
100%
me
100%
me,
100%
a
97%
(A
97%
back,
97%
give
97%
Give
97%
(Give
97%
it
97%
Just
97%
just
97%
(Just
97%
the
97%
The
97%
you
97%
You
97%
can
93%
five
93%
in
93%
In
93%
minutes
93%
minutes)
93%
run
93%
(Run
93%
am
90%
an
90%
on
90%
on)
90%
when
90%
be
86%
Be
86%
Do
86%
do
86%
life
86%
that
86%
That
86%
this
86%
This
86%
to
86%
To
86%
won't
86%
And
83%
(And
83%
burning
83%
burning)
83%
Call
83%
For
83%
for
83%
ghost
83%
got
83%
hallway
83%
inside
83%
I've
83%
(I've
83%
last
83%
like
83%
Like
83%
No,
83%
No.
83%
whole
83%
your
83%
ancient
79%
closing
79%
grinning
79%
grinning)
79%
highway
79%
highway)
79%
If
79%
if
79%
(If
79%
is
79%
lay
79%
leave
79%
my
79%
one
79%
So
79%
(So
79%
stop
79%
tar
79%
time
79%
will
79%
all
76%
around
76%
bad
76%
by
76%
ceiling
76%
ceiling)
76%
chance
76%
empty
76%
feel
76%
get
76%
heavy
76%
know
76%
night
76%
Night
76%
night,
76%
not
76%
thick
76%
turn
76%
turning
76%
turning)
76%
twilight
76%
vision
76%
vision)
76%
walls
76%
we
76%
are
72%
autumn
72%
collision
72%
collision)
72%
fate
72%
God
72%
Heaven
72%
Heaven)
72%
it's
72%
mind
72%
of
72%
open
72%
parallel
72%
reverse
72%
reverse,
72%
sky
72%
still
72%
sunset
72%
wings
72%
wires
72%
wires)
72%
along
69%
belongs
69%
Belongs
69%
bring
69%
but
69%
(But
69%
bygone
69%
bygone)
69%
canopies
69%
don't
69%
down
69%
feeling
69%
feeling)
69%
find
69%
have
69%
head
69%
hope
69%
lane
69%
leaves
69%
play
69%
ride
69%
see
69%
symmetry,
69%
symmetry)
69%
two-way
69%
As
66%
(As
66%
beneath
66%
else
66%
forward,
66%
now
66%
past
66%
These
66%
these
66%
used
66%
with
66%
would
66%
Yet
66%
(Yet
66%
anyway
62%
anyway)
62%
behind
62%
believe
62%
gathers?
62%
light
62%
matters?
62%
nothing
62%
rain
62%
remember
62%
signs
62%
through
62%
Through
62%
black
59%
need
59%
part
59%
whites
59%
bough
55%
Bough
55%
broken
55%
Broken
55%
eyes
55%
low
55%
must
55%
Must
55%
new
55%
New
55%
running
55%
someone
55%
Someone
55%
divine,
52%
endlessly
52%
mine
52%
tangle
52%
has
48%
Has
48%
lovers
45%
entwined
41%
I'll
24%
No matching quizzes found
Score Distribution
Percent of People with Each Score
Percentile by Number Answered
Your Score History
You have not taken this quiz